Let's Dance! TV Edition Quiz Stats

 Plays Quiz Updated Jul 17, 2014

Support Sporcle.
Go Orange.
Score 0/25 Timer 07:00
0 Plays Today
% Correct
The Simpsons
98.7%
Fresh Prince of Bel Air
96.9%
Spongebob Squarepants
96.1%
The Big Bang Theory
93.9%
Scrubs
93.8%
The Office
92.6%
The Golden Girls
92%
How I Met Your Mother
91.4%
I Love Lucy
91.4%
The Cosby Show
90.2%
The Addams Family
86.1%
Seinfeld
85.4%
Full House
84.2%
% Correct
Friends
83.9%
Roseanne
83.6%
Frasier
83.3%
Glee
81.7%
The King of Queens
81%
That 70's Show
80.1%
Family Matters
75.9%
Saved by the Bell
73.4%
Whose Line Is It Anyway?
73.4%
Boy Meets World
73.2%
The Jeffersons
70.7%
Sabrina the Teenage Witch
67.8%

You're not logged in!

Compare scores with friends on all Sporcle quizzes.
OR
Log In

From the Vault

Simpsons TV Shows

by Pushcake

'Come, family. Sit in the snow with daddy and let us all bask in TV's warm glowing warming glow.'
Remove Ads.
Support Sporcle.
Get the best of Sporcle when you Go Orange. This ad-free experience offers more features, more stats, and more fun while also helping to support Sporcle. Thank you for becoming a member.

Show Comments

Extras

Top Quizzes Today


Score Distribution

Your Account Isn't Verified!

In order to create a playlist on Sporcle, you need to verify the email address you used during registration. Go to your Sporcle Settings to finish the process.

Report this User

Report this user for behavior that violates our Community Guidelines.

Details: